书目信息 |
| 题名: |
非洲丛林纪事
|
|
| 作者: | 曹立华 , 王正元 主编 ;张艳雷 , 王健坤 译 | |
| 分册: | ||
| 出版信息: | 北京 机械工业出版社 2010.04 |
|
| 页数: | 239页 | |
| 开本: | 22cm | |
| 丛书名: | 中英双语典藏之走进文化世界 | |
| 单 册: | ||
| 中图分类: | H319.4:G | |
| 科图分类: | ||
| 主题词: | 英语--ying yu--汉语--对照读物 , 文化--wen hua--简介--非洲 | |
| 电子资源: | ||
| ISBN: | 978-7-111-30281-0 | |
| 000 | 01454nam 2200325 450 | |
| 001 | B00000035143 | |
| 005 | 20110712132346.60 | |
| 010 | @a978-7-111-30281-0@dCNY24.80 | |
| 100 | @a20100430d2010 km y0chiy50 ea | |
| 101 | 0 | @achi@aeng |
| 102 | @aCN@b110000 | |
| 105 | @aa z 000yy | |
| 106 | @ar | |
| 200 | 1 | @a非洲丛林纪事@Afei zhou cong lin ji shi@d= A touch of african jungles@f王正元, 曹立华主编@g张艳雷, 王健坤译@zeng |
| 210 | @a北京@c机械工业出版社@d2010.04 | |
| 215 | @a239页@d22cm | |
| 225 | 2 | @a中英双语典藏之走进文化世界@Azhong ying shuang yu dian cang zhi zou jin wen hua shi jie |
| 330 | @a众所周知,非洲是人类文明的发祥地之一,是迄今为止原始生态保存完好、充满了原始气息的国度。本书选取最新的英文语料编辑成了25篇短文,向读者敞开了一扇通向这个神秘王国的窗口。前七篇短文向读者展现了非洲现存古老的工艺、美妙的传说和神话、独特的婚礼传统等文化习俗以及令世人赞叹神往的十大自然景观和迷人的城市开普敦。后18篇以游客各自不同的视角把读者带入非洲原始而充满活力的丛林深处来感受非洲另样的风情。 | |
| 410 | 0 | @12001 @a中英双语典藏之走进文化世界 |
| 510 | 1 | @aTouch of african jungles@zeng |
| 586 | @a | |
| 606 | 0 | @a英语@Aying yu@x汉语@j对照读物 |
| 606 | 0 | @a文化@Awen hua@x简介@y非洲 |
| 690 | @aH319.4:G@v5 | |
| 701 | 0 | @a曹立华@Acao li hua@4主编 |
| 701 | 0 | @a王正元@Awang zheng yuan@4主编 |
| 702 | 0 | @a张艳雷@Azhang yan lei@4译 |
| 702 | 0 | @a王健坤@Awang jian kun@4译 |
| 801 | 0 | @aCN@c20110610 |
| 905 | @dH319.4:G@eW460@f3 | |
| 非洲丛林纪事= A touch of african jungles/王正元, 曹立华主编/张艳雷, 王健坤译.-北京:机械工业出版社,2010.04 |
| 239页;22cm.-(中英双语典藏之走进文化世界) |
| ISBN 978-7-111-30281-0:CNY24.80 |
| 众所周知,非洲是人类文明的发祥地之一,是迄今为止原始生态保存完好、充满了原始气息的国度。本书选取最新的英文语料编辑成了25篇短文,向读者敞开了一扇通向这个神秘王国的窗口。前七篇短文向读者展现了非洲现存古老的工艺、美妙的传说和神话、独特的婚礼传统等文化习俗以及令世人赞叹神往的十大自然景观和迷人的城市开普敦。后18篇以游客各自不同的视角把读者带入非洲原始而充满活力的丛林深处来感受非洲另样的风情。 |
| ● |
| 相关链接 |
|
|
|
正题名:非洲丛林纪事
索取号:H319.4:G/W460
 
预约/预借
| 序号 | 登录号 | 条形码 | 馆藏地/架位号 | 状态 | 备注 |
| 1 | 882401 | 208824012 | 语言库209/209语言库 52排4列3层/ [索取号:H319.4:G/W460] | 在馆 | |
| 2 | 882402 | 208824021 | 语言库209/209语言库 52排4列3层/ [索取号:H319.4:G/W460] | 在馆 | |
| 3 | 882403 | 208824030 | 语言库209/209语言库 52排4列3层/ [索取号:H319.4:G/W460] | 在馆 |